<The> new urban sociology

Salvato in:
Dettagli Bibliografici
Autore principale: Gottdiener, Mark
Altri autori: Hutchison, Ray
Natura: Libro
Lingua:inglese
Pubblicazione: Boulder Westview Press 2011
Edizione:4th ed.
Soggetti:
Tags: Aggiungi Tag
Nessun Tag, puoi essere il primo ad aggiungerne!!

MARC

LEADER 00000nam a2200000 4500
001 0144806
005 20240226124409.7
020 |a 978-0-8133-4425-6 
041 0 |a eng 
044 |a US 
245 1 0 |a <The> new urban sociology  |c Mark Gottdiener, Ray Hutchison 
250 |a 4th ed. 
264 1 |a Boulder  |b Westview Press  |c 2011 
300 |a 435 s. 
610 2 0 |a sociológia 
610 2 0 |a urbanizácia 
610 2 0 |a veľkomestá 
610 2 0 |a plánovanie 
610 2 0 |a politika sociálna 
610 2 0 |a mestá 
610 2 0 |a priemysel 
610 2 0 |a teórie sociologické 
610 2 0 |a globalizácia 
610 2 0 |a štýl životný 
610 2 0 |a kultúra 
610 2 0 |a kriminalita 
610 2 0 |a chudoba 
610 2 0 |a krajiny rozvojové 
610 2 0 |a USA 
100 1 |a Gottdiener, Mark 
700 1 |a Hutchison, Ray